Application of remote sensing, GIS and internet to coastal zone management (Record no. 104986)
[ view plain ]
| 000 -LEADER | |
|---|---|
| fixed length control field | 01619cam a2200181 4500 |
| 001 - CONTROL NUMBER | |
| control field | ##L132043 |
| 008 - FIXED-LENGTH DATA ELEMENTS--GENERAL INFORMATION | |
| fixed length control field | 051221n2003 000 0 eng u |
| 035 ## - SYSTEM CONTROL NUMBER | |
| System control number | (Sirsi) u132043 |
| 041 0# - LANGUAGE CODE | |
| Language code of text/sound track or separate title | eng |
| 100 1# - MAIN ENTRY--PERSONAL NAME | |
| Personal name | King, Stephen |
| 100 1# - MAIN ENTRY--PERSONAL NAME | |
| Personal name | Green, D.R. |
| 245 00 - TITLE STATEMENT | |
| Title | Application of remote sensing, GIS and internet to coastal zone management |
| 260 ## - PUBLICATION, DISTRIBUTION, ETC. | |
| Place of publication, distribution, etc. | London |
| Name of publisher, distributor, etc. | RICS |
| Date of publication, distribution, etc. | 2003 |
| 520 ## - SUMMARY, ETC. | |
| Summary, etc. | The proposed research will help clarify the need for a better understanding of technological applications in environmental management and to stimulate awareness of the role a national 'Information Architecture' could play in a coordinated ICZM strategy in the UK. Objective: to develop an operational Geographic Desision Support, Processing and Dissemination System (GDSPDS) to deliver remotely sensed and GIS data and information to coastal managers in a form that is both usable and applicable to the range of issues that concern them (inlcuding monitoring, mapping, sustainable development, coastal defence, protection, conservation, leisure, recreation, development, hazard management etc.) to utilise Internet/Intranet/Extranet technology as both a catalyst and mechanism to facilitate developing a coordinated and consistent approach to CZM between LAs and other agencies and bodies by development of a data catalogue which can be used a a coastal zone management focal point or 'portal', and; to develop a flagship demonstrator project system using the Solway Firth as an example. |
| 520 ## - SUMMARY, ETC. | |
| Summary, etc. | This item is no longer available. |
| 690 ## - LOCAL SUBJECT ADDED ENTRY--TOPICAL TERM (OCLC, RLIN) | |
| Topical term or geographic name as entry element | ENVIRONMENTAL AND LAND CONSULTANCY-ENVIRONMENTAL MANAGEMENT |
| 942 ## - ADDED ENTRY ELEMENTS (KOHA) | |
| Suppress in OPAC | 0 |
| Withdrawn status | Lost status | Source of classification or shelving scheme | Damaged status | Not for loan | Home library | Current library | Shelving location | Date acquired | Total Checkouts | Full call number | Barcode | Date last seen | Copy number | Price effective from | Koha item type |
|---|---|---|---|---|---|---|---|---|---|---|---|---|---|---|---|
| Dewey Decimal Classification | Virtual | Virtual | Online | 21/12/2005 | ONLINE PUBLICATION | 132043-1001 | 06/08/2019 | 1 | 06/08/2019 | Book |